000 00929nam a2200241Ii 4500
003 JO-AjNU
008 230605s9999||||xx |||||||||||||| ||und||
017 _a5995/10/2021
020 _a978-9923-15-131-0
040 _aJO-AjNU
_bara
_erda
_cJO-AjNU
041 _aara
050 1 4 _aKMM188.5.2021
100 3 _aحيف، معتصم خالد,
_eauthor
_964124
245 0 0 _aقانون الإعسار رقم (21) لسنة 2018 وفقاً لأحدث التعديلات ومتضمناً احدث قرارات المحاكم
250 _aط1
264 3 1 _aعمان: دار الثقافة للنشر والتوزيع، 2021
300 _a80ص
336 _atext
_btxt
_2rdacontent
337 _aunmediated
_bn
_2rdamedia
338 _avolume
_bnc
_2rdacarrier
490 0 _aسلسلة التشريعات القانونية، 20
650 4 _aالإعسار-الدائنون والمدينون-القانون المدني
_964125
999 _aA29123
_c32691
_d32691